<?xml version="1.0" encoding="UTF-8"?><?xml-stylesheet type="text/xsl" href="static/style.xsl"?><OAI-PMH xmlns="http://www.openarchives.org/OAI/2.0/" xmlns:xsi="http://www.w3.org/2001/XMLSchema-instance" xsi:schemaLocation="http://www.openarchives.org/OAI/2.0/ http://www.openarchives.org/OAI/2.0/OAI-PMH.xsd"><responseDate>2026-04-18T00:05:16Z</responseDate><request verb="GetRecord" identifier="oai:www.recercat.cat:2072/487243" metadataPrefix="marc">https://recercat.cat/oai/request</request><GetRecord><record><header><identifier>oai:recercat.cat:2072/487243</identifier><datestamp>2025-10-05T14:34:41Z</datestamp><setSpec>com_2072_98</setSpec><setSpec>col_2072_378192</setSpec></header><metadata><record xmlns="http://www.loc.gov/MARC21/slim" xmlns:dcterms="http://purl.org/dc/terms/" xmlns:xsi="http://www.w3.org/2001/XMLSchema-instance" xmlns:doc="http://www.lyncode.com/xoai" xsi:schemaLocation="http://www.loc.gov/MARC21/slim http://www.loc.gov/standards/marcxml/schema/MARC21slim.xsd">
   <leader>00925njm 22002777a 4500</leader>
   <datafield ind2=" " ind1=" " tag="042">
      <subfield code="a">dc</subfield>
   </datafield>
   <datafield ind2=" " ind1=" " tag="720">
      <subfield code="a">Kazda, T.</subfield>
      <subfield code="e">author</subfield>
   </datafield>
   <datafield ind2=" " ind1=" " tag="720">
      <subfield code="a">Vondrák, J.</subfield>
      <subfield code="e">author</subfield>
   </datafield>
   <datafield ind2=" " ind1=" " tag="720">
      <subfield code="a">Sedlaříková, M.</subfield>
      <subfield code="e">author</subfield>
   </datafield>
   <datafield ind2=" " ind1=" " tag="720">
      <subfield code="a">Gómez-Romero, Pedro</subfield>
      <subfield code="e">author</subfield>
   </datafield>
   <datafield ind2=" " ind1=" " tag="720">
      <subfield code="a">Musil, M.</subfield>
      <subfield code="e">author</subfield>
   </datafield>
   <datafield ind2=" " ind1=" " tag="720">
      <subfield code="a">Čudek, P.</subfield>
      <subfield code="e">author</subfield>
   </datafield>
   <datafield ind2=" " ind1=" " tag="720">
      <subfield code="a">Straková, A. Fedorková</subfield>
      <subfield code="e">author</subfield>
   </datafield>
   <datafield ind2=" " ind1=" " tag="720">
      <subfield code="a">Kašpárek, V.</subfield>
      <subfield code="e">author</subfield>
   </datafield>
   <datafield ind2=" " ind1=" " tag="260">
      <subfield code="c">2015</subfield>
   </datafield>
   <datafield ind2=" " ind1=" " tag="520">
      <subfield code="a">Lithium - ion batteries play an increasingly important role in the battery industry and they have become the dominant source of energy in the recent years, especially for portable electronic devices due to their high gravimetric energy density. This article examines the influence of mixtures of solvents with different combinations of lithium salts on the stability of two types of high-voltage cathode materials: LiNi0.5Mn1.5O4 and LiCr0.1Ni0.4Mn1.5O4 produced by a solid phase reaction. These materials were combined with several different electrolytes, cycled at various loads and higher temperature. Various combinations of solvents ethylene carbonate (EC), dimethyl carbonate (DMC) and Tetrahydrothiophene 1.1-dioxide (Sulfolane) were used for these measurements. Salts LiPF6, LiNO3 and LiTFSI were used. The influence of solvents and salts on the properties of high-voltage cathode materials was tested by cycling at different current loads and by cycling at high temperature. It was found out, by LSV analysis, that the addition of Sulfolane increases the stability of electrolyte. The addition of chromium to the cathode material LiNi0.5Mn1.5O4 causes increasing of capacity and stability at high temperature. The combination of the cathode material LiCr0.1Ni0.4Mn1.5O4 with the electrolyte 1.5 M LiPF6 EC:DMC:Sulfolane 1:2:1 w/w/w leads to increased stability in comparison with other electrolytes.</subfield>
   </datafield>
   <datafield ind1="8" ind2=" " tag="024">
      <subfield code="a">http://hdl.handle.net/2072/487243</subfield>
   </datafield>
   <datafield tag="653" ind2=" " ind1=" ">
      <subfield code="a">Lithium ion battery</subfield>
   </datafield>
   <datafield tag="653" ind2=" " ind1=" ">
      <subfield code="a">LiNi0.5Mn1.5O4</subfield>
   </datafield>
   <datafield tag="653" ind2=" " ind1=" ">
      <subfield code="a">Electrolyte</subfield>
   </datafield>
   <datafield tag="653" ind2=" " ind1=" ">
      <subfield code="a">Sulfolane</subfield>
   </datafield>
   <datafield ind2="0" ind1="0" tag="245">
      <subfield code="a">The Influence of Solvents and Salts on the Properties of High-Voltage Cathode Materials</subfield>
   </datafield>
</record></metadata></record></GetRecord></OAI-PMH>